Famous American Artists Quiz Stats

 Plays Quiz not verified by Sporcle

Support Sporcle.
Go Orange.
Score 0/25 Timer 05:00
0 Plays Today
Works Artist % Correct
Campbell's Soup CanAndy Warhol
95.6%
Drip PaintingsJackson Pollock
84.4%
American GothicGrant Wood
84.4%
Cow's Skull; Red, White, and BlueGeorgia O'Keeffe
82.2%
NighthawksEdward Hopper
77.8%
Gulf StreamWinslow Homer
73.3%
Arrangement in Grey and BlackJames Whistler
73.3%
Christina's WorldAndrew Wyeth
71.1%
Flag; Painted BronzeJasper Johns
68.9%
Whaam!Roy Lichtenstein
62.2%
Four Freedoms; Rosie the RiveterNorman Rockwell
62.2%
Mother and ChildMary Cassat
60%
MobilesAlexander Calder
57.8%
Works Artist % Correct
The Gross ClinicThomas Eakins Eakins
57.8%
East Wing of National Gallery of Art; Rock n' Roll Hall of FameI. M. Pei
57.8%
Geodesic domeRichard Buckminster Fuller
55.6%
Gateway Arch; Dulles International AirportEero Saarinen
53.3%
Mount RushmoreGutzon Borglum
48.9%
Sugaring-OffAnna Mary Robertson (Grandma) Moses
48.9%
Seagram BuildingPhilip Johnson
46.7%
Central Park, NYCFrederick Law Olmstead
46.7%
Death on a Pale HorseBenjamin West
42.2%
Indiana MuralsThomas Hart Benton
40%
Capitol BuildingCharles Bulfinch
37.8%
White HouseJames Hoban
35.6%

You're not logged in!

Compare scores with friends on all Sporcle quizzes.
OR
Log In

From the Vault

Beatles Albums (Redux)

by JeluPotter25

The Beatles sure liked to put their name in their album titles.
Remove Ads.
Support Sporcle.
Get the best of Sporcle when you Go Orange. This ad-free experience offers more features, more stats, and more fun while also helping to support Sporcle. Thank you for becoming a member.

Show Comments

Extras

Created Mar 9, 2011ReportNominate
Tags:Artist Quiz, America

Top Quizzes Today


Score Distribution

Your Account Isn't Verified!

In order to create a playlist on Sporcle, you need to verify the email address you used during registration. Go to your Sporcle Settings to finish the process.

Report this User

Report this user for behavior that violates our Community Guidelines.

Details: